Champions & Badges Pokémon #03 - Hoenn - Statistiques

Statistiques générales
  • Ce quiz a été pris 28 fois
  • Le résultat moyen est 30 sur 41
Statistiques - réponses
Ville Type de l'arène % Correct
Feu
95%
Roche
95%
Combat
90%
Makuhita
90%
Normal
90%
Norman
90%
Roxanne
90%
Tarinor
90%
Voltère
90%
Adriane
86%
Bastien
86%
Électrik
86%
Vol
86%
Chartor
81%
Magnéton
81%
Monaflèmit
81%
Psy
81%
Alizée
76%
Altaria
76%
Eau
76%
Mérouville
76%
Cimetronelle
71%
Clémenti-Ville
71%
Lavandia
71%
Marc
71%
Poing
71%
Séléroc
71%
Algatia
67%
Lévy & Tatia
67%
Myokara
67%
Solaroc
67%
Atalanopolis
62%
Milobellus
62%
Roche
62%
Vermilava
62%
Balancier
48%
Plume
48%
Dynamo
43%
Esprit
38%
Pluie
38%
Chaleur
33%
Aucun quiz correspondant
Distribution des résultats
% des personnes avec chaque résultat
Percentile par nombre de réponses
Votre historique - résultats
Vous n’avez pas pris ce quiz